000 00639nam a2200193Ia 4500
003 SGT
020 _a9780070700215
082 _a621.381
_bMIL
100 _aMillman,Jacob
245 _aMillman's Electronic devices and circuits
250 _a3rd Ed.
260 _bTata McGraw Hill Education Private Limited
_aNew Delhi
_c2010
300 _a747p.
650 _aELECTRONICS ENGINEERING
653 _aELECTRON BALLISTIC AND APPLICATIONS,ENERGY LEVELS AND ENERGY BANDS,CONDUCTION LIN METALS,CONDUCTION IN SEMICONDUCTORS,SEMICONDUCTOR-DIODE CHARACTERISTICS,
700 _aHalkias,Christos C
700 _aJit,Satyabrata
942 _2ddc
_cBK
999 _c5314
_d5314